000
00288nam a2200109Ia 4500
001
588951
005
20250717120840.0
008
250717s9999 xx 000 0 und d
245
0
_a
Y-9 HARİTA KORUYUCULARI MÜHÜRDAR
_c
ESRA BAHADIR CESAR
260
_b
ERDEM YAYINLARI
_c
2020
300
_b
191
999
_c
588951
_d
588951